[Event "CAN-op"]
[Site "Ottawa CAN"]
[Date "1998.07.12"]
[Round "3"]
[White "Pacey, Kevin"]
[Black "Prokopchuk, Evgeny"]
[Result "0-1"]
[WhiteElo "2305"]
[BlackElo "2495"]
[PlyCount "72"]
[GameId "2160767911872753"]
[EventDate "1998.07.11"]
[EventType "swiss"]
[EventRounds "10"]
[EventCountry "CAN"]
[SourceTitle "EXT 2022"]
[Source "ChessBase"]
[SourceDate "2021.10.06"]
[SourceVersion "1"]
[SourceVersionDate "2021.10.06"]
[SourceQuality "1"]

1. d4 Nf6 2. Nc3 d5 3. Bg5 Nbd7 4. f3 h6 5. Bh4 c5 6. e4 dxe4 7. d5 Qa5 8. Bxf6 Nxf6 9. Bb5+ Bd7 10. Bxd7+ Nxd7 11. Qe2 g6 12. Qxe4 Bg7 13. Nge2 Nf6 14. Qe5 O-O 15. O-O Rad8 16. Qxe7 Rd7 17. Qe3 Nxd5 18. Nxd5 Rxd5 19. Rfd1 Rxd1+ 20. Rxd1 Qxa2 21. Qxc5 Qxb2 22. Rd7 b6 23. Qc6 a5 24. g4 b5 25. Rd5 Qa1+ 26. Kg2 b4 27. Qc4 Qe1 28. Rd6 Kh7 29. Ra6 Rd8 30. Ra7 Rd2 31. Re7 a4 32. Kh3 Qf1+ 33. Kg3 Rxe2 34. Rxe2 a3 35. c3 b3 36. Qxb3 Qxe2 0-1

[Event "CAN-op"]
[Site "Ottawa CAN"]
[Date "1998.07.13"]
[Round "4"]
[White "Bond, Hal"]
[Black "Sanakoev, Grigory Konstantino"]
[Result "1-0"]
[WhiteElo "1946"]
[BlackElo "2350"]
[PlyCount "65"]
[GameId "2160767911872755"]
[EventDate "1998.07.11"]
[EventType "swiss"]
[EventRounds "10"]
[EventCountry "CAN"]
[SourceTitle "EXT 2022"]
[Source "ChessBase"]
[SourceDate "2021.10.06"]
[SourceVersion "1"]
[SourceVersionDate "2021.10.06"]
[SourceQuality "1"]

1. e4 c5 2. d4 cxd4 3. c3 d3 4. Bxd3 Nc6 5. Nf3 d6 6. Be3 Nf6 7. h3 e6 8. O-O Be7 9. Qe2 O-O 10. Rd1 Qc7 11. Nd4 a6 12. Nd2 d5 13. Rac1 e5 14. Nxc6 bxc6 15. exd5 cxd5 16. c4 d4 17. Bg5 Rb8 18. Bxf6 Bxf6 19. Qe4 g6 20. Qf3 Bg7 21. b3 f5 22. Qg3 Bb7 23. b4 Qd7 24. c5 e4 25. Bc4+ Kh8 26. Nb3 d3 27. Na5 Bd5 28. Bxa6 Rxb4 29. c6 Qa7 30. Qd6 Rd4 31. c7 Bc4 32. Qxf8+ Bxf8 33. c8=Q 1-0

[Event "CAN-op"]
[Site "Ottawa CAN"]
[Date "1998.07.13"]
[Round "4"]
[White "Gagnon, Fabien"]
[Black "Huband, Ken"]
[Result "1-0"]
[WhiteElo "1987"]
[BlackElo "1873"]
[PlyCount "65"]
[GameId "2160767911872757"]
[EventDate "1998.07.11"]
[EventType "swiss"]
[EventRounds "10"]
[EventCountry "CAN"]
[SourceTitle "EXT 2022"]
[Source "ChessBase"]
[SourceDate "2021.10.06"]
[SourceVersion "1"]
[SourceVersionDate "2021.10.06"]
[SourceQuality "1"]

1. e4 c6 2. d3 d5 3. Nd2 dxe4 4. dxe4 g6 5. Bc4 Bg7 6. Ne2 e6 7. a4 Ne7 8. O-O O-O 9. Ra3 Nd7 10. f4 b6 11. Ng3 Rb8 12. f5 exf5 13. exf5 Nd5 14. Nde4 N7f6 15. Bg5 Bb7 16. fxg6 fxg6 17. Raf3 Qe7 18. Bxf6 Rxf6 19. Nxf6+ Kh8 20. Nfe4 Qb4 21. Bxd5 cxd5 22. Qd2 Qxb2 23. Ng5 Bd4+ 24. Kh1 Bg7 25. Ne6 Rc8 26. Nxg7 Ba6 27. Rf8+ Rxf8 28. Rxf8+ Kxg7 29. Re8 Qa1+ 30. Qe1 Qd4 31. Re7+ Kf8 32. Re8+ Kg7 33. Qe5+ 1-0

[Event "CAN-op"]
[Site "Ottawa CAN"]
[Date "1998.07.13"]
[Round "4"]
[White "Hardie, Mackenzie"]
[Black "Pacey, Kevin"]
[Result "0-1"]
[WhiteElo "1994"]
[BlackElo "2305"]
[PlyCount "72"]
[GameId "2160767911872758"]
[EventDate "1998.07.11"]
[EventType "swiss"]
[EventRounds "10"]
[EventCountry "CAN"]

1. e4 Nc6 2. d4 e5 3. Nf3 exd4 4. Nxd4 Qf6 5. Be3 Bc5 6. c3 Nge7 7. Bc4 Ne5 8. Bb3 d6 9. f3 N7g6 10. Qd2 h6 11. Na3 a6 12. Nac2 O-O 13. O-O-O Ba7 14. Ne2 c5 15. c4 Be6 16. Qc3 Nh4 17. f4 Ng4 18. Qxf6 Nxf6 19. f5 Bc8 20. Nc3 b5 21. cxb5 axb5 22. Nxb5 Bb7 23. Nxd6 Bxe4 24. Nxe4 Nxe4 25. Bd5 Rae8 26. g4 Ng2 27. Bg1 Nf4 28. Bc4 Nf6 29. Ne3 Nh3 30. Rd3 Re4 31. b3 Rfe8 32. Kd2 Bb6 33. Nd5 Re2+ 34. Kc1 Re1+ 35. Rd1 Rxd1+ 36. Kxd1 Nxd5 0-1

[Event "CAN-op"]
[Site "Ottawa CAN"]
[Date "1998.07.13"]
[Round "4"]
[White "Veltmann, Alfred"]
[Black "Patterson, Roger"]
[Result "0-1"]
[WhiteElo "1949"]
[BlackElo "2191"]
[PlyCount "62"]
[GameId "2160767911872760"]
[EventDate "1998.07.11"]
[EventType "swiss"]
[EventRounds "10"]
[EventCountry "CAN"]

1. e4 c5 2. Nf3 d6 3. Bb5+ Bd7 4. Bxd7+ Qxd7 5. O-O Nc6 6. d4 cxd4 7. Nxd4 Nf6 8. Re1 g6 9. Bg5 Bg7 10. c3 O-O 11. Na3 Rac8 12. Qd2 Nxd4 13. Qxd4 a6 14. Rad1 Ng4 15. Qd2 Qc7 16. h3 Ne5 17. Qd5 Rfe8 18. Be3 Nc6 19. Nc2 b5 20. Re2 Red8 21. Nb4 Nxb4 22. cxb4 Qc4 23. Qxc4 Rxc4 24. Bb6 Rdc8 25. Ba5 Bd4 26. Kf1 e5 27. Red2 Kf8 28. Ke2 Ke7 29. Kf3 f5 30. g4 fxe4+ 31. Kxe4 Bxf2+ 0-1

[Event "CAN-op"]
[Site "Ottawa CAN"]
[Date "1998.07.14"]
[Round "5"]
[White "Cote, Richard"]
[Black "Veltmann, Alfred"]
[Result "1-0"]
[WhiteElo "1700"]
[BlackElo "1949"]
[PlyCount "115"]
[GameId "2160767911872763"]
[EventDate "1998.07.11"]
[EventType "swiss"]
[EventRounds "10"]
[EventCountry "CAN"]

1. Nf3 Nf6 2. g3 g6 3. Bg2 Bg7 4. d3 d6 5. c4 O-O 6. Nc3 Nbd7 7. O-O e5 8. Bg5 c6 9. Qd2 Qc7 10. Bh6 Re8 11. Bxg7 Kxg7 12. Rac1 Nc5 13. b4 Ne6 14. b5 Bd7 15. Ng5 Rad8 16. Nxe6+ Bxe6 17. bxc6 bxc6 18. Qd1 Bd7 19. Ne4 Ng8 20. Qb3 f5 21. Ng5 h6 22. Nf3 Nf6 23. Nd2 Rb8 24. Qc3 Kf7 25. Rb1 Rxb1 26. Rxb1 Rb8 27. Rxb8 Qxb8 28. Qb3 Qc7 29. e3 Ke7 30. Qa3 Kf7 31. Qb3 Be6 32. Qa4 Bd7 33. Qb3 Ke7 34. Qa3 Ng4 35. h3 Nf6 36. Nf3 Kf7 37. Qb3 Kg7 38. Qb2 Be6 39. Nd2 Kf8 40. Qa3 Nd7 41. Qa6 Nb8 42. Qa3 Ke7 43. Nf3 Bd7 44. Nxe5 Kf6 45. Nxd7+ Nxd7 46. Qc3+ Kf7 47. Qh8 h5 48. Qh7+ Kf6 49. Qh8+ Kf7 50. Qh7+ Kf6 51. e4 Qb7 52. exf5 gxf5 53. Qh6+ Ke7 54. Qg5+ Ke6 55. Qxh5 Qb1+ 56. Kh2 Qxa2 57. Qe8+ Kf6 58. Qxd7 1-0

[Event "CAN-op"]
[Site "Ottawa CAN"]
[Date "1998.07.14"]
[Round "5"]
[White "Pacey, Kevin"]
[Black "Morrissey, Leonard"]
[Result "1-0"]
[WhiteElo "2305"]
[BlackElo "2095"]
[PlyCount "85"]
[GameId "2160767911872764"]
[EventDate "1998.07.11"]
[EventType "swiss"]
[EventRounds "10"]
[EventCountry "CAN"]
[SourceTitle "EXT 2022"]
[Source "ChessBase"]
[SourceDate "2021.10.06"]
[SourceVersion "1"]
[SourceVersionDate "2021.10.06"]
[SourceQuality "1"]

1. d4 e6 2. e4 d5 3. Nc3 Nf6 4. Bg5 dxe4 5. Nxe4 Be7 6. Bxf6 gxf6 7. Nf3 b6 8. Bc4 Bb7 9. Qe2 c6 10. O-O-O Qc7 11. Rhe1 Nd7 12. Kb1 O-O-O 13. Ba6 Rhg8 14. g3 Kb8 15. Bxb7 Kxb7 16. Ned2 Bf8 17. Nh4 f5 18. f4 c5 19. Qf3+ Qc6 20. d5 Qxd5 21. Qxd5+ exd5 22. Nxf5 d4 23. Ne4 Kc6 24. Ng5 Nf6 25. Nxf7 Re8 26. Rxe8 Nxe8 27. Re1 Nc7 28. c3 dxc3 29. bxc3 Kb5 30. Kc2 Rg6 31. Ne5 Rf6 32. Ne3 Ka6 33. Nd7 Rf7 34. Nxf8 Rxf8 35. Nc4 b5 36. Ne5 Re8 37. Rd1 Re6 38. Rd7 Kb6 39. Rxh7 Nd5 40. Rg7 Ne7 41. h4 a6 42. h5 Ka5 43. Rxe7 1-0

[Event "CAN-op"]
[Site "Ottawa CAN"]
[Date "1998.07.14"]
[Round "5.55"]
[White "Haley, Phil"]
[Black "Strojevs, Alexander"]
[Result "0-1"]
[WhiteElo "1989"]
[BlackElo "1811"]
[PlyCount "112"]
[GameId "2160767911872766"]
[EventDate "1998.07.11"]
[EventType "swiss"]
[EventRounds "10"]
[EventCountry "CAN"]
[SourceTitle "EXT 2022"]
[Source "ChessBase"]
[SourceDate "2021.10.06"]
[SourceVersion "1"]
[SourceVersionDate "2021.10.06"]
[SourceQuality "1"]

1. Nf3 Nf6 2. g3 g6 3. Bg2 Bg7 4. d3 d5 5. Nbd2 Nbd7 6. O-O O-O 7. e4 dxe4 8. dxe4 e5 9. Re1 Re8 10. a4 b6 11. b3 Bb7 12. Bb2 a5 13. Re2 Ba6 14. Re1 Bb7 15. Ba3 Nh5 16. Rb1 h6 17. Qe2 Ba6 18. c4 Qf6 19. Rbd1 Rad8 20. Nb1 Bf8 21. Bxf8 Kxf8 22. Nc3 c6 23. Qe3 Kg7 24. Nh4 Qe6 25. Qe2 Nc5 26. Qc2 Bc8 27. Rxd8 Rxd8 28. Rd1 Rxd1+ 29. Qxd1 Qd7 30. Nf3 Qxd1+ 31. Nxd1 Bg4 32. h3 Bxf3 33. Bxf3 Nf6 34. Nb2 Nxb3 35. Nd3 Nd7 36. Bg4 Nbc5 37. Nxc5 Nxc5 38. Bd1 Nxe4 39. Kg2 Nc3 40. Bc2 b5 41. cxb5 cxb5 42. axb5 Nxb5 43. Kf1 f5 44. Ke1 e4 45. Kd2 Kf6 46. Ba4 Nd6 47. Kc3 Ke5 48. Bd1 g5 49. Kb3 Kd4 50. Be2 f4 51. Ka4 Nc4 52. Kb5 Nb2 53. Kxa5 Nd3 54. gxf4 gxf4 55. f3 e3 56. Ka4 Nc1 0-1

[Event "CAN-op"]
[Site "Ottawa CAN"]
[Date "1998.07.15"]
[Round "6"]
[White "Boor, Carl Brandon"]
[Black "Pacey, Kevin"]
[Result "1/2-1/2"]
[WhiteElo "2108"]
[BlackElo "2305"]
[PlyCount "99"]
[GameId "2160767911872767"]
[EventDate "1998.07.11"]
[EventType "swiss"]
[EventRounds "10"]
[EventCountry "CAN"]
[SourceTitle "EXT 2022"]
[Source "ChessBase"]
[SourceDate "2021.10.06"]
[SourceVersion "1"]
[SourceVersionDate "2021.10.06"]
[SourceQuality "1"]

1. e4 Nc6 2. Nf3 e6 3. c4 d5 4. cxd5 exd5 5. exd5 Qxd5 6. Nc3 Qa5 7. Bc4 Bg4 8. Qe2+ Nge7 9. h3 Qh5 10. Qe4 Bxf3 11. gxf3 O-O-O 12. Qg4+ Qxg4 13. fxg4 Ne5 14. Be2 N7c6 15. f4 Nd3+ 16. Bxd3 Rxd3 17. Ke2 Rd7 18. d3 Nd4+ 19. Kd1 h5 20. g5 Nf5 21. Kc2 Bb4 22. a3 Nd4+ 23. Kd1 Bxc3 24. bxc3 Nb3 25. Rb1 Rxd3+ 26. Kc2 Nxc1 27. Rbxc1 Re3 28. g6 fxg6 29. Rcg1 Re6 30. Rg5 Rf8 31. Rhg1 Rxf4 32. Rxg6 Rxg6 33. Rxg6 Rf7 34. Rg5 Kd7 35. Rxh5 Ke6 36. Kb3 Rf4 37. Rh8 a5 38. a4 b6 39. h4 Rf6 40. Rc8 Kd6 41. Rg8 Rf7 42. h5 Ke6 43. Rh8 Rf6 44. Rc8 Rf7 45. Rh8 Kf6 46. Rg8 Ke5 47. Re8+ Kf5 48. Rh8 Kg4 49. Rh7 Kg5 50. Rh8 1/2-1/2

[Event "CAN-op"]
[Site "Ottawa CAN"]
[Date "1998.07.15"]
[Round "6"]
[White "Gagnon, Fabien"]
[Black "Bachand-Fleurent, Julien"]
[Result "1-0"]
[WhiteElo "1987"]
[BlackElo "1965"]
[PlyCount "81"]
[GameId "2160767911872769"]
[EventDate "1998.07.11"]
[EventType "swiss"]
[EventRounds "10"]
[EventCountry "CAN"]
[SourceTitle "EXT 2022"]
[Source "ChessBase"]
[SourceDate "2021.10.06"]
[SourceVersion "1"]
[SourceVersionDate "2021.10.06"]
[SourceQuality "1"]

1. e4 e6 2. d4 d5 3. Nd2 Nf6 4. e5 Nfd7 5. Bd3 c5 6. c3 b6 7. Ne2 Ba6 8. Bxa6 Nxa6 9. O-O Be7 10. f4 cxd4 11. cxd4 Qc7 12. a3 Rc8 13. Nc3 Qb7 14. Qg4 g6 15. Nf3 Nab8 16. Ng5 Nc6 17. Be3 Na5 18. Rf3 Nc4 19. Bf2 Nxb2 20. Qh3 a6 21. Qh6 Bf8 22. Qh3 Rc6 23. Nxd5 exd5 24. e6 fxe6 25. Nxe6 Nf6 26. Bh4 Be7 27. Re1 Kf7 28. f5 Qc8 29. Bxf6 Bxf6 30. Qh6 gxf5 31. Qh5+ Ke7 32. Qxf5 Rxe6 33. Qxf6+ Kd6 34. Rxe6+ Qxe6 35. Qxh8 Qe1+ 36. Rf1 Qe3+ 37. Kh1 Nd3 38. Rf6+ Kd7 39. Qg7+ Qe7 40. Rf7 Nf2+ 41. Kg1 1-0

[Event "CAN-op"]
[Site "Ottawa CAN"]
[Date "1998.07.15"]
[Round "6"]
[White "Veltmann, Alfred"]
[Black "Khaziyeva, Dinara"]
[Result "1/2-1/2"]
[WhiteElo "1949"]
[BlackElo "1775"]
[PlyCount "56"]
[GameId "2160767911872770"]
[EventDate "1998.07.11"]
[EventType "swiss"]
[EventRounds "10"]
[EventCountry "CAN"]

1. e4 d6 2. d4 e5 3. Nf3 Bg4 4. Be2 Nd7 5. Nc3 Ngf6 6. h3 Bh5 7. Bg5 Bg6 8. dxe5 Nxe5 9. O-O Be7 10. Nxe5 dxe5 11. Qxd8+ Rxd8 12. f3 O-O 13. Rad1 c6 14. g4 h6 15. Be3 b6 16. Rxd8 Rxd8 17. Rd1 Rxd1+ 18. Nxd1 Nd7 19. Bc4 Kf8 20. Kf1 f6 21. a3 Bf7 22. Bxf7 Kxf7 23. a4 Bc5 24. Ke2 Ke6 25. b3 Bxe3 26. Nxe3 g6 27. Kd3 Nc5+ 28. Kc4 Ke7 1/2-1/2

[Event "CAN-op"]
[Site "Ottawa CAN"]
[Date "1998.07.15"]
[Round "6.41"]
[White "Strojevs, Alexander"]
[Black "Voloaca, Mihnea"]
[Result "0-1"]
[WhiteElo "1811"]
[BlackElo "2069"]
[PlyCount "68"]
[GameId "2160767911872771"]
[EventDate "1998.07.11"]
[EventType "swiss"]
[EventRounds "10"]
[EventCountry "CAN"]
[SourceTitle "EXT 2022"]
[Source "ChessBase"]
[SourceDate "2021.10.06"]
[SourceVersion "1"]
[SourceVersionDate "2021.10.06"]
[SourceQuality "1"]

1. d4 Nf6 2. c4 e6 3. Nc3 c5 4. d5 exd5 5. cxd5 d6 6. e4 g6 7. h3 Bg7 8. Nf3 O-O 9. Bd3 a6 10. a4 Re8 11. O-O Nbd7 12. Bf4 Qc7 13. Rc1 Rb8 14. Re1 Nh5 15. Bh2 c4 16. Na2 b5 17. axb5 axb5 18. g4 Nhf6 19. Nb4 Qb6 20. Bc2 Bb7 21. Kg2 Nc5 22. e5 dxe5 23. Nxe5 Rbd8 24. Nec6 Rxe1 25. Qxe1 Re8 26. Qd2 Nfe4 27. Bxe4 Nxe4 28. Qc2 Qc5 29. Rd1 Nd6 30. Bf4 Bxc6 31. dxc6 Nc8 32. Qd2 Bf8 33. Qd7 Re2 34. Be3 Qxb4 0-1

[Event "CAN-op"]
[Site "Ottawa CAN"]
[Date "1998.07.16"]
[Round "7"]
[White "Djerkovic, Miladin"]
[Black "Gagnon, Fabien"]
[Result "1-0"]
[WhiteElo "2358"]
[BlackElo "1987"]
[PlyCount "37"]
[GameId "2160767911872773"]
[EventDate "1998.07.11"]
[EventType "swiss"]
[EventRounds "10"]
[EventCountry "CAN"]
[SourceTitle "EXT 2022"]
[Source "ChessBase"]
[SourceDate "2021.10.06"]
[SourceVersion "1"]
[SourceVersionDate "2021.10.06"]
[SourceQuality "1"]

1. e4 d5 2. exd5 Nf6 3. d4 Bg4 4. Nf3 Qxd5 5. Nc3 Qa5 6. Bc4 Nc6 7. h3 Bxf3 8. Qxf3 O-O-O 9. d5 Nd4 10. Qd3 e5 11. O-O b5 12. Nxb5 Nxb5 13. Bxb5 Rxd5 14. Qf5+ Kb8 15. Bc4 Rd8 16. Be3 Qb4 17. Bxf7 Qe4 18. Qe6 Nd5 19. Rad1 1-0

[Event "CAN-op"]
[Site "Ottawa CAN"]
[Date "1998.07.16"]
[Round "7"]
[White "Pacey, Kevin"]
[Black "Palsson, Halldor"]
[Result "1/2-1/2"]
[WhiteElo "2305"]
[BlackElo "2091"]
[PlyCount "78"]
[GameId "2160767911872774"]
[EventDate "1998.07.11"]
[EventType "swiss"]
[EventRounds "10"]
[EventCountry "CAN"]
[SourceTitle "EXT 2022"]
[Source "ChessBase"]
[SourceDate "2021.10.06"]
[SourceVersion "1"]
[SourceVersionDate "2021.10.06"]
[SourceQuality "1"]

1. d4 d5 2. Nc3 Nf6 3. Bg5 Nbd7 4. Nf3 c6 5. e3 g6 6. Bd3 Bg7 7. O-O O-O 8. Re1 Re8 9. e4 dxe4 10. Nxe4 Nxe4 11. Bxe4 Nf6 12. Bd3 Bg4 13. c3 Qd5 14. Re5 Bxf3 15. Qxf3 Qxf3 16. gxf3 e6 17. Ra5 Nd7 18. Re1 Bf6 19. Be3 Be7 20. Rd1 Red8 21. Be2 Nf6 22. c4 Rd7 23. d5 exd5 24. cxd5 Nxd5 25. Rxa7 Rad8 26. Bh6 Bf8 27. Bg5 f6 28. Bc1 Bd6 29. Ra4 Nb6 30. Ra7 Bxh2+ 31. Kxh2 Rxd1 32. Bxd1 Rxd1 33. Rxb7 Rxc1 34. Rxb6 Kg7 35. a4 c5 36. a5 Ra1 37. a6 f5 38. Rb7+ Kh6 39. a7 g5 1/2-1/2

[Event "CAN-op"]
[Site "Ottawa CAN"]
[Date "1998.07.16"]
[Round "7"]
[White "Veltmann, Alfred"]
[Black "Kouba, Jaromir"]
[Result "1/2-1/2"]
[Annotator ",Hugh"]
[WhiteElo "1949"]
[BlackElo "1735"]
[PlyCount "60"]
[GameId "2160767739579319"]
[EventDate "1998.07.11"]
[EventType "swiss"]
[EventRounds "10"]
[EventCountry "CAN"]

1. e4 e5 2. Nf3 Nc6 3. Bb5 a6 4. Ba4 b5 5. Bb3 d6 6. d3 Na5 7. c3 c5 8. Bc2 Be7 9. O-O Bg4 10. h3 Bh5 11. Nbd2 Qd7 12. Qe1 Nf6 13. Nh2 h6 14. Nb3 Nc6 15. Bd1 Bg6 16. a4 O-O 17. Nd2 b4 18. Nc4 Rab8 19. a5 Kh8 20. Ng4 bxc3 21. Nxf6 Bxf6 22. bxc3 Bd8 23. Ne3 Ne7 24. Ra3 Bc7 25. f4 f6 26. Bb3 Bf7 27. Bxf7 Rxf7 28. Qg3 f5 29. Qh4 d5 30. Rd1 c4 {etc.} 1/2-1/2

[Event "CAN-op"]
[Site "Ottawa CAN"]
[Date "1998.07.17"]
[Round "8"]
[White "Gagnon, Fabien"]
[Black "Arseneau, Peter"]
[Result "1-0"]
[WhiteElo "1987"]
[BlackElo "1899"]
[PlyCount "55"]
[GameId "2160767911872776"]
[EventDate "1998.07.11"]
[EventType "swiss"]
[EventRounds "10"]
[EventCountry "CAN"]
[SourceTitle "EXT 2022"]
[Source "ChessBase"]
[SourceDate "2021.10.06"]
[SourceVersion "1"]
[SourceVersionDate "2021.10.06"]
[SourceQuality "1"]

1. e4 e5 2. Nf3 Nc6 3. g3 Nf6 4. d3 d5 5. Nbd2 Bc5 6. h3 O-O 7. Bg2 dxe4 8. dxe4 Nh5 9. Nxe5 Qd4 10. Nd3 Nb4 11. Nxc5 Qxc5 12. O-O Be6 13. Nb3 Bxb3 14. cxb3 Rad8 15. Be3 Qb5 16. Qf3 Nc2 17. Rac1 Nxe3 18. Qxe3 Nf6 19. Rxc7 Rfe8 20. Rfc1 Qe5 21. Rxb7 Qxb2 22. Rxa7 Rd2 23. Rcc7 h6 24. Rxf7 Qb1+ 25. Kh2 Rxe4 26. Rxg7+ Kf8 27. Qxd2 Ne8 28. Raf7# 1-0

[Event "CAN-op"]
[Site "Ottawa CAN"]
[Date "1998.07.17"]
[Round "8"]
[White "Laurin, Jacques"]
[Black "Pacey, Kevin"]
[Result "0-1"]
[WhiteElo "2089"]
[BlackElo "2305"]
[PlyCount "72"]
[GameId "2160767911872777"]
[EventDate "1998.07.11"]
[EventType "swiss"]
[EventRounds "10"]
[EventCountry "CAN"]
[SourceTitle "EXT 2022"]
[Source "ChessBase"]
[SourceDate "2021.10.06"]
[SourceVersion "1"]
[SourceVersionDate "2021.10.06"]
[SourceQuality "1"]

1. c4 Nc6 2. Nf3 e5 3. Nc3 g6 4. g3 Bg7 5. Bg2 d6 6. d3 Nge7 7. e4 O-O 8. Be3 h6 9. Qd2 Kh7 10. d4 exd4 11. Nxd4 Ne5 12. b3 c5 13. Nde2 Bg4 14. f4 Nf3+ 15. Bxf3 Bxf3 16. O-O Bxe2 17. Nxe2 Bxa1 18. Rxa1 f5 19. Qc2 Qd7 20. Rd1 Qe6 21. e5 Rad8 22. Re1 b6 23. Qc3 dxe5 24. fxe5 Nc6 25. Nf4 Qxe5 26. Qxe5 Nxe5 27. Kf1 Nd3 28. Nxd3 Rxd3 29. Bc1 Rd7 30. Bb2 g5 31. Re6 f4 32. g4 f3 33. Be5 f2 34. Bd6 Rff7 35. h3 Rd8 36. a4 a5 0-1

[Event "CAN-op"]
[Site "Ottawa CAN"]
[Date "1998.07.17"]
[Round "8"]
[White "Winberg, Jim"]
[Black "Veltmann, Alfred"]
[Result "1-0"]
[WhiteElo "1726"]
[BlackElo "1949"]
[PlyCount "25"]
[GameId "2160767911872779"]
[EventDate "1998.07.11"]
[EventType "swiss"]
[EventRounds "10"]
[EventCountry "CAN"]

1. e4 e5 2. Nc3 Nf6 3. f4 d6 4. fxe5 dxe5 5. Nf3 Bg4 6. Bc4 Bc5 7. Bxf7+ Kxf7 8. Nxe5+ Ke7 9. Nxg4 c6 10. Nxf6 gxf6 11. d3 Nd7 12. Bf4 Bd4 13. Qd2 1-0

[Event "CAN-op"]
[Site "Ottawa CAN"]
[Date "1998.07.18"]
[Round "9"]
[White "Gushuliak, Justin"]
[Black "Gagnon, Fabien"]
[Result "1/2-1/2"]
[WhiteElo "1826"]
[BlackElo "1987"]
[PlyCount "70"]
[GameId "2160767911872780"]
[EventDate "1998.07.11"]
[EventType "swiss"]
[EventRounds "10"]
[EventCountry "CAN"]
[SourceTitle "EXT 2022"]
[Source "ChessBase"]
[SourceDate "2021.10.06"]
[SourceVersion "1"]
[SourceVersionDate "2021.10.06"]
[SourceQuality "1"]

1. e4 d5 2. exd5 Nf6 3. Nf3 Nxd5 4. d4 g6 5. h3 Bg7 6. c4 Nb6 7. Nc3 O-O 8. Be3 Nc6 9. Be2 e5 10. d5 Ne7 11. O-O f5 12. Qb3 Kh8 13. Bc5 Nd7 14. Ba3 e4 15. Ne1 Re8 16. Rd1 Ng8 17. Nc2 Ne5 18. Nd4 Qh4 19. Ncb5 f4 20. Nxc7 f3 21. Bxf3 exf3 22. Nxf3 Nxf3+ 23. Qxf3 Bf5 24. Nxa8 Rxa8 25. Rfe1 Qxc4 26. b3 Qc2 27. d6 Bd7 28. Rc1 Qxa2 29. Qxb7 Rf8 30. Qxd7 Qxa3 31. Rc7 Qb2 32. Re2 Qd4 33. Rxa7 Nh6 34. Qc7 Nf5 35. Raa2 Nxd6 1/2-1/2

[Event "CAN-op"]
[Site "Ottawa CAN"]
[Date "1998.07.18"]
[Round "9"]
[White "Khassanov, Marat"]
[Black "Pacey, Kevin"]
[Result "1-0"]
[WhiteElo "2510"]
[BlackElo "2305"]
[PlyCount "113"]
[GameId "2160767911872781"]
[EventDate "1998.07.11"]
[EventType "swiss"]
[EventRounds "10"]
[EventCountry "CAN"]
[SourceTitle "EXT 2022"]
[Source "ChessBase"]
[SourceDate "2021.10.06"]
[SourceVersion "1"]
[SourceVersionDate "2021.10.06"]
[SourceQuality "1"]

1. c4 g6 2. Nc3 Bg7 3. g3 Nc6 4. Bg2 d6 5. d3 Bd7 6. e3 Qc8 7. Nge2 h5 8. Nf4 g5 9. Nfe2 h4 10. f4 h3 11. Bxc6 Bxc6 12. e4 gxf4 13. gxf4 Qg4 14. Be3 Bf6 15. Qc2 Bh4+ 16. Kd2 O-O-O 17. b4 b6 18. a4 f5 19. Rhg1 Qh5 20. Nd4 Bb7 21. Nxf5 Bf6 22. Qd1 Qf7 23. Qg4 Kb8 24. Qg6 Qf8 25. Nd4 Bxd4 26. Bxd4 Qxf4+ 27. Kc2 Qxh2+ 28. Kb3 e5 29. Be3 Ne7 30. Qg5 Rdg8 31. Qxe7 Rg2 32. Rxg2 Qxg2 33. Qf6 Qg8 34. Rg1 Qe8 35. a5 h2 36. Rh1 Rh3 37. Qf2 Qh8 38. axb6 axb6 39. Nb1 Bxe4 40. dxe4 Qh6 41. Nc3 Rxe3 42. Rxh2 Rh3 43. Rxh3 Qxh3 44. c5 bxc5 45. bxc5 Qe6+ 46. Kb4 dxc5+ 47. Qxc5 c6 48. Qf8+ Kc7 49. Qg7+ Kd6 50. Na4 Qa2 51. Qf6+ Kc7 52. Qxe5+ Kc8 53. Qe8+ Kc7 54. Qe7+ Kc8 55. Nb6+ Kb8 56. Qd8+ Kb7 57. Qc8+ 1-0

[Event "CAN-op"]
[Site "Ottawa CAN"]
[Date "1998.07.18"]
[Round "9"]
[White "Nogueiras, Jesus"]
[Black "Archangelsky, Mikhail"]
[Result "1-0"]
[WhiteElo "2536"]
[BlackElo "2360"]
[PlyCount "49"]
[GameId "2160767911872782"]
[EventDate "1998.07.11"]
[EventType "swiss"]
[EventRounds "10"]
[EventCountry "CAN"]
[SourceTitle "EXT 2022"]
[Source "ChessBase"]
[SourceDate "2021.10.06"]
[SourceVersion "1"]
[SourceVersionDate "2021.10.06"]
[SourceQuality "1"]

1. Nf3 d5 2. d4 Nf6 3. c4 c6 4. Nc3 a6 5. a4 Bf5 6. Qb3 Ra7 7. g3 h6 8. Bg2 e6 9. a5 Nbd7 10. O-O Bd6 11. Nd2 Bc7 12. e4 dxe4 13. Ndxe4 Nxe4 14. Nxe4 Bxe4 15. Bxe4 Bxa5 16. d5 cxd5 17. cxd5 Nc5 18. Qc2 Nxe4 19. Qxe4 O-O 20. dxe6 b5 21. Be3 Bb6 22. Rxa6 Rxa6 23. e7 Qd7 24. Qh7+ Kxh7 25. exf8=N+ 1-0

[Event "CAN-op"]
[Site "Ottawa CAN"]
[Date "1998.07.18"]
[Round "9"]
[White "Veltmann, Alfred"]
[Black "Duggan, Jason"]
[Result "1/2-1/2"]
[WhiteElo "1949"]
[BlackElo "1687"]
[PlyCount "92"]
[GameId "2160767911872784"]
[EventDate "1998.07.11"]
[EventType "swiss"]
[EventRounds "10"]
[EventCountry "CAN"]

1. e4 c5 2. Nf3 d6 3. Bb5+ Bd7 4. Bxd7+ Nxd7 5. O-O g6 6. d4 Bg7 7. Nc3 cxd4 8. Nxd4 Ngf6 9. Kh1 a6 10. Be3 Nc5 11. f3 O-O 12. Qd2 e6 13. Nb3 Nxb3 14. axb3 Qc7 15. Rfd1 Rfd8 16. Qf2 Qc6 17. Rd3 Rac8 18. Bb6 Rd7 19. Rad1 Ne8 20. Bd4 e5 21. Bb6 Nf6 22. R1d2 Re8 23. Nd5 Nxd5 24. Rxd5 Re6 25. R2d3 Qc8 26. Rc3 Qb8 27. Qe2 Bf8 28. Qc4 Rde7 29. b4 Bh6 30. Qc8+ Qxc8 31. Rxc8+ Kg7 32. c4 Bc1 33. b3 Kh6 34. b5 axb5 35. Rxb5 Kg7 36. Rd5 Bb2 37. Kg1 Bc1 38. Kf2 h5 39. h3 Ba3 40. g4 hxg4 41. hxg4 Bb2 42. Ke2 f6 43. Kd2 Kf7 44. c5 Re8 45. Rxe8 Kxe8 46. Kc2 Ba3 1/2-1/2

[Event "CAN-op"]
[Site "Ottawa CAN"]
[Date "1998.07.19"]
[Round "10"]
[White "Baragar, Fletcher"]
[Black "Gagnon, Fabien"]
[Result "1-0"]
[WhiteElo "2365"]
[BlackElo "1987"]
[PlyCount "80"]
[GameId "2160767911872785"]
[EventDate "1998.07.11"]
[EventType "swiss"]
[EventRounds "10"]
[EventCountry "CAN"]
[SourceTitle "EXT 2022"]
[Source "ChessBase"]
[SourceDate "2021.10.06"]
[SourceVersion "1"]
[SourceVersionDate "2021.10.06"]
[SourceQuality "1"]

1. e4 d5 2. exd5 Nf6 3. Bb5+ Bd7 4. Be2 c6 5. dxc6 Nxc6 6. d4 Bf5 7. Nf3 Qa5+ 8. c3 Rd8 9. Nbd2 Qc7 10. Nc4 e6 11. O-O Be7 12. Bg5 O-O 13. Qa4 a6 14. Nce5 Nxe5 15. Nxe5 Bd6 16. Bf3 Ra8 17. Bh4 b5 18. Qb3 Rab8 19. Rfe1 Bxe5 20. Rxe5 Nd7 21. Ree1 Qa7 22. Bg3 Rbc8 23. a4 Qb6 24. axb5 axb5 25. Be2 b4 26. Ra6 Qb7 27. Ra4 Be4 28. Rxb4 Qa8 29. Ra4 Qc6 30. Ra6 Qd5 31. Qxd5 Bxd5 32. Bb5 Bc4 33. Bxc4 Rxc4 34. Rea1 Rfc8 35. Ra8 Nb6 36. Rxc8+ Rxc8 37. Kf1 Kf8 38. Ke2 Nd5 39. Ra7 Ke8 40. Rb7 g6 1-0